00866nam a2200241 a 450000100060000000300080000600500170001400800410003103500160007203500190008804000320010704100080013908200200014710000380016724501170020526000430032230000260036565000440039170000240043594200120045999900170047195201360048820307BD-RjUL20211209000540.0140227r19671958enkafh b 000 1 eng d aoxf98201098 a(BD-RjUL)20369 aUIUcUIUdm.cdBD-RjULbeng aeng04a823.6bBUE 19671 aBurney, Fanny,d1752-1840.96259510aEvelina or the history of a young lady's entrance into the world /cFrances Burney ; introduced by Lewis Gibbs aLondon,bDent,c1958 [reprinted 1967]. axiv, 378 p. ;c19 cm.1 a London (England) -- Fiction. 9625421 aGibbs, Lewis962596 2ddccBK c20307d20307 00102ddc40708FICaRUCLbRUCLcStackd1968-10-29eZeitlingerg10.60l0o823.6 BUE 1967r2014-02-27 00:00:00tC-2w2014-02-27yBK